| 000 | 01132naa a22002897a 4500 | ||
|---|---|---|---|
| 001 | BR6000903 | ||
| 003 | BR-BrBNA | ||
| 005 | 20240918172845.0 | ||
| 007 | ta | ||
| 008 | 230509b bl.||||| |||| 00| 0 por d | ||
| 040 |
_aBR-BrBNA _bpor _cBiblioteca Nacional de Agricultura |
||
| 041 | _a(Pt) | ||
| 072 |
_aH20; F30 _b0430 _b4120 _bG514 |
||
| 090 | _aH20 BR6000903 | ||
| 100 | 1 | _aFerraz, C.A.M. | |
| 111 | 1 |
_a3. Seminario Brasileiro de Sementes _cRecife, PE (Brazil) _d14 Sep 1970 |
|
| 245 | 1 | _aA incidencia da fusariose no Estado de Sao Paulo e os reflexos no esquema de distribuicao das variedades paulistas de algodao [murcha, Fusarium Oxysporum F. vasinfectum] | |
| 260 | 3 |
_aRio de Janeiro, GB (Brasil): _c1972. |
|
| 500 | _aAnais do 3. Seminario Brasileiro de Sementes Rio de Janeiro, GB (Brasil): 1972. p. 134-136 (BR6000903-AM)H20 | ||
| 650 | _aALGODAO | ||
| 650 | _aFUSARIOSE | ||
| 650 | _aVARIEDADE | ||
| 650 | _aSAO PAULO | ||
| 773 | 0 |
_tAnais do 3. Seminario Brasileiro de Sementes _wH20 BR6000903 _gRio de Janeiro, GB (Brasil), 1972. p. 134-136 |
|
| 909 |
_a202404 _bLucia _c55 _dLucia Elande |
||
| 942 |
_cAM _2AGRIS |
||
| 999 |
_c301763 _d301763 |
||